Statistics for Doomsday Clock: Years Closest to Midnight

Click here to take the quiz!

General Stats

  • This quiz has been taken 18 times
  • The average score is 4 of 11

Answer Stats

Time to MidnightYear% Correct
2 minutes1953
88%
1984
50%
2.5 minutes2017
50%
2018
50%
4 minutes1981
38%
3 minutes1949
25%
6 minutes1988
25%
5 minutes2007
25%
2012
25%
2015
25%
2010
13%

Score Distribution

Percentile by Number Answered

Percent of People with Each Score

Your Score History

You have not taken this quiz